Moneda, precios y política en La Castilla del siglo XV

Đã lưu trong:
Chi tiết về thư mục
Tác giả chính: MacKay, Angus (autor)
Định dạng: Sách
Ngôn ngữ:Tiếng Tây Ban Nha
Được phát hành: Granada, España Universidad de Granada 2006
Loạt:Biblioteca de Humanidades. Chronica Nova de Estudios Históricos, 94
Những chủ đề:
Các nhãn: Thêm thẻ
Không có thẻ, Là người đầu tiên thẻ bản ghi này!

MARC

LEADER 00000cam a2200000 a 4500
001 UCI4024
003 CL-VaPUC
005 20240531152428.0
008 071214e20060000SP |||||||||||||||||spa|d
999 |c 328026  |d 328024 
020 |a 8433837559 
040 |c Pontificia Universidad Católica de Valparaíso 
082 0 4 |a 946 MAC 2006  |2 21 
100 |a MacKay, Angus  |e autor  |9 525635 
245 1 0 |a Moneda, precios y política en La Castilla del siglo XV 
260 |a Granada, España  |b Universidad de Granada  |c 2006 
300 |a 214 páginas 
490 0 |a Biblioteca de Humanidades. Chronica Nova de Estudios Históricos,  |v  94 
583 |a last modification  |c 20160817 03:40:02  |k Rodrigo Vera 
650 7 |a HISTORIA DE ESPAÑA  |2 CL-VaPUC  |9 345321  |y SIGLO 15 
650 0 |a Moneda  |z ESPAÑA  |9 342365 
650 0 |a Precios   |z ESPAÑA  |9 260787 
651 7 |a CASTILLA  |2 CL-VaPUC  |9 318548  |z ESPAÑA 
852 |a BIBCUR 
942 |c BK  |2 ddc 
945 |d 20071214 00:00:00  |a rbrito 
952 |0 0  |1 0  |2 ddc  |4 0  |6 946_000000000000000_MAC_2006  |7 0  |8 A  |9 411696  |a BIBHIS  |b BIBHIS  |d 2019-11-22  |i 4396553  |o 946 MAC 2006  |p 4396553  |r 2025-01-20  |t 1  |w 2019-11-22  |y BK  |k HIS